logo

Bir Sreshtho Munshi Abdur Rouf Library
Jhenaidah Cadet College

মজার মজার শিকারের গল্প / (Record no. 5012)

MARC details
000 -LEADER
fixed length control field 00661nam a2200217 a 4500
001 - CONTROL NUMBER
JCCL Control Number 5012
003 - CONTROL NUMBER IDENTIFIER
JCCL marc code BD-JhCC
005 - DATE AND TIME OF LATEST TRANSACTION
control field 20171206193444.0
008 - FIXED-LENGTH DATA ELEMENTS--GENERAL INFORMATION
fixed length control field 171206s1980 bg a|||| ||a| 000 0 ben d
035 ## - SYSTEM CONTROL NUMBER
system control number (BD-JhCC) 5012
040 ## - CATALOGING SOURCE
Original cataloging agency BD-JhCC
Modifying agency BD-JhCC
041 ## - LANGUAGE CODE
Language code of Book eng
082 ## - DEWEY DECIMAL CLASSIFICATION NUMBER
Classification number 891.4430
Author mark and Year ARE 1980
100 ## - MAIN ENTRY--PERSONAL NAME
Personal name আরেফিন, আরিফ
245 ## - TITLE STATEMENT
Title মজার মজার শিকারের গল্প /
Statement of responsibility, etc আরিফ আরেফিন
260 ## - PUBLICATION, DISTRIBUTION, ETC. (IMPRINT)
Place of publication, distribution, etc ঢাকা :
Name of publisher, distributor, etc নওরোজ কিতাবিস্তান ,
Date of publication, distribution, etc 1980
300 ## - PHYSICAL DESCRIPTION
Pagination 58 p .:
Dimensions 22 cm .
650 ## - SUBJECT ADDED ENTRY--TOPICAL TERM
Topical term or geographic name as entry element Short stories Bengali
942 ## - ADDED ENTRY ELEMENTS (KOHA)
Source of classification or shelving scheme Dewey Decimal Classification
Koha item type Books
Holdings
Source of classification or shelving scheme Damaged status Not for loan Home library Current library Shelving location Date of accession Cost, normal purchase price Total Checkouts Full call number Barcode Date last seen Copy number Koha item type
Dewey Decimal Classification     JCC Rouf Library JCC Rouf Library General Stacks 12/06/2017 7.00   891.4430 ARE 1980 6234 12/06/2017 C-1 Books

JCC Library | Contacts | JCC Home

Last Update on 23 September 2017
Copyright @ 2017-2020 JCC Rouf Library
Rouf Library, Jhenidah Cadet College (JCC), Bangladesh